000 01149cam a22003371 4500
001 7501832
005 20240818092926.0
008 730124s1963 enk b 000 0 eng
010 _a 62009189
015 _aGB63-18708
035 _a(OCoLC)546046
040 _aDLC
_cODaWU
_dOCoLC
_dUk
_dDLC
041 1 _aengund
042 _apremarc
050 0 0 _aQA611
_b.C783 1963
082 _a513.83
_bCAS
100 1 _aCsaszar, Akos.
_97379
245 1 0 _aFoundations of general topology /
_cAkos Csaszar; transalted by K. Csaszar.
260 _aOxford :
_bPergamon Press,
_cc1963.
300 _axix, 380 p.
_c23 cm.
490 1 _aInternational series of monographs on pure and applied mathematics ;
_vv. 35.
504 _aIncludes bibliographical references and index.
650 0 _aTopology.
_97380
700 1 _aCsaszar, K.
_97381
830 0 _aInternational series of monographs in pure and applied mathematics ;
_vv. 35.
_97382
906 _a7
_bcbc
_coclcrpl
_du
_encip
_f19
_gy-gencatlg
942 _2ddc
_cARCH
_hRDA-MOD
999 _c12154
_d12154
336 _2rdacontent
_atext
_btxt
337 _aunmediated
_2rdamedia
_bn
338 _avolume
_bnc
_2rdacarrier